000 00338nam a2200133Ia 4500
008 100328s9999 xx 000 0 und d
082 _b53789
100 _aराजाध्यक्ष विजया
245 _aआांतर
260 _bमौज
630 _aआांतर
730 _aआांतर
942 _cBOOK
999 _c540528
_d540525